Alle Harboe Sodavand - Statistics

General Stats
  • This quiz has been taken 3 times
  • The average score is 5 of 27
Answer Stats
Answer % Correct
Blåbærbrus
100%
Citronbrus
100%
Cola
100%
Hindbærbrus
100%
Cloudy Lemon
50%
Topform
50%
Abrikosbrus
0%
Abrikosbrus nul sukker
0%
Ananasbrus
0%
Ananasbrus nul sukker
0%
Apollinaris Blåbær og Hindbær
0%
Apollinaris Hyldeblomst og Lime
0%
Apollinaris med Citrus
0%
Apollinaris Perlende (original)
0%
Cola lemon
0%
Cola nul sukker (Zero)
0%
Exotic
0%
Exotic nul sukker
0%
Grape nul sukker
0%
Hindbærbrus nul sukker
0%
Indian Tonic
0%
Passionsbrus
0%
Sport
0%
Sport nul sukker
0%
Squash Orange
0%
Squash Orange Nul Sukker (Zero)
0%
Topform Nul sukker (Zero)
0%
No matching quizzes found
Score Distribution
Percent of People with Each Score
Percentile by Number Answered
Your Score History
You have not taken this quiz